| 000 | 00723nam a22001817a 4500 | ||
|---|---|---|---|
| 003 | 0 | ||
| 005 | 20250626113857.0 | ||
| 008 | 231018b xxu||||| |||| 00| 0 eng d | ||
| 050 |
_aPHS HM 742 _b.R47 2023 |
||
| 100 | _aRespecia, Chino Marianjetti R. | ||
| 245 |
_aSocial media and communication in the Philippines : the growing disconnect between reality and the virtual world (2002-2022) _cChino Marianjetti R. Respecia |
||
| 260 |
_aLas Pinas City _bSouthville International School and Colleges _c2023. |
||
| 300 |
_a34 pages ; _c30 cm. |
||
| 504 | _aIncludes bibliographical references. | ||
| 650 |
_aSocial media and communication _vResearch. |
||
| 650 |
_aTechnology and society _zPhilippines. |
||
| 942 |
_2lcc _cPASS |
||
| 999 |
_c365539 _d365539 |
||